The Nobel Prize : the first 100 years /
In celebration of the centennial of the Nobel Prize in 2001, this volume offers a clear perspective on the development of human civilization over the past hundred years. The review articles included serve to present the major trends and developments and also provide information about the life and ph...
| Other Authors: | , |
|---|---|
| Format: | Book |
| Language: | English |
| Published: |
London :
Imperial College Press ;
[2001]
River Edge, NJ : World Scientific Pub., [2001] |
| Subjects: | |
| Online Access: | EBSCOhost http://search.ebscohost.com/login.aspx?direct=true&scope=site&db=nlebk&db=nlabk&AN=64310 http://www.netlibrary.com/urlapi.asp?action=summary&v=1&bookid=64310 |
MARC
| Tag | First Indicator | Second Indicator | Subfields |
|---|---|---|---|
| LEADER | 00000cam a2200000 i 4500 | ||
| 001 | in00004816396 | ||
| 008 | 010606s2001 enka b 000 0ceng | ||
| 005 | 20240808200158.6 | ||
| 010 | |a 2001039211 | ||
| 035 | |a (OCoLC)ocm47181967 | ||
| 040 | |a DLC |b eng |e rda |c DLC |d ZID |d BAKER |d NLGGC |d BTCTA |d LVB |d YDXCP |d AU@ |d OCLCQ |d ZID |d OCLCQ |d TULIB |d EUM |d BEDGE |d IAD |d OCLCF |d OCLCO |d IG# |d OCLCQ |d EUW |d OCLCO |d OCLCQ |d OCLCO |d ZAP |d BNC |d OCLCQ |d CPO |d OCLCQ |d OCLCO |d SNN |d JDP |d OCL |d OCLCO |d TYC |d OCLCO |d OCLCQ |d OCLCO |d CNCLB |d OCLCA |d OCLCQ |d OCLCO |d UKMGB |d OCLCO |d OCL |d OCLCO |d OCLCL | ||
| 015 | |a GBA584773 |2 bnb | ||
| 016 | 7 | |a 011083362 |2 Uk | |
| 019 | |a 895247494 |a 903450493 |a 1166807169 |a 1170828952 |a 1327904692 | ||
| 020 | |a 9810248547 |q (electronic bk.) | ||
| 020 | |a 9789810248543 |q (electronic bk.) | ||
| 020 | |a 9810246641 | ||
| 020 | |a 9789810246648 | ||
| 020 | |a 981024665X |q (pbk.) | ||
| 020 | |a 9789810246655 |q (pbk.) | ||
| 029 | 1 | |a AU@ |b 000022778999 | |
| 029 | 1 | |a NZ1 |b 6357218 | |
| 029 | 1 | |a YDXCP |b 1766791 | |
| 029 | 1 | |a UKMGB |b 011083362 | |
| 035 | |a (OCoLC)47181967 |z (OCoLC)895247494 |z (OCoLC)903450493 |z (OCoLC)1166807169 |z (OCoLC)1170828952 |z (OCoLC)1327904692 | ||
| 050 | 0 | 0 | |a AS911.N9 |b N586 2001 |
| 082 | 0 | 0 | |a 001.4/4 |2 21 |
| 084 | |a 02.01 |2 bcl | ||
| 084 | |a G311-09 |2 clc | ||
| 049 | |a MAIN | ||
| 245 | 0 | 4 | |a The Nobel Prize : |b the first 100 years / |c edited by Agneta Wallin Levinovitz, Nils Ringertz. |
| 264 | 1 | |a London : |b Imperial College Press ; |c [2001] | |
| 264 | 1 | |a River Edge, NJ : |b World Scientific Pub., |c [2001] | |
| 264 | 4 | |c ©2001 | |
| 300 | |a viii, 235 pages : |b illustrations ; |c 25 cm | ||
| 336 | |a text |b txt |2 rdacontent | ||
| 337 | |a unmediated |b n |2 rdamedia | ||
| 338 | |a volume |b nc |2 rdacarrier | ||
| 530 | |a Also available as an electronic book via the World Wide Web to institutions affiliated with netLibrary, Incorporated. | ||
| 505 | 0 | |a Introduction / Michael Sohlman -- Life and philosophy of Alfred Nobel / Tore Frängsmyr -- The Nobel Foundation : a century of growth and change / Birgitta Lemmel -- Nomination and selection of the Nobel laureates / compiled by Birgitta Lemmel -- The Nobel Prize in Physics / Erik B. Karlsson -- The Nobel Prize in Chemistry : the development of modern chemistry / Bo G. Malmström and Bertil Andersson -- The Nobel Prize in Physiology or Medicine / Jan Lindsten and Nils Ringertz -- The Nobel Prize in Literature / Kjell Espmark -- The Nobel Peace Prize / Geir Lundestad -- The Sveriges Riksbank (Bank of Sweden) Prize in Economic Sciences in memory of Alfred Nobel 1969-2000 / Assar Lindbeck -- List of Nobel laureates (1901-2000). | |
| 520 | |a In celebration of the centennial of the Nobel Prize in 2001, this volume offers a clear perspective on the development of human civilization over the past hundred years. The review articles included serve to present the major trends and developments and also provide information about the life and philosophy of Alfred Nobel, the history of the Nobel Foundation, and the procedure for nominating and selecting Nobel Laureates. | ||
| 504 | |a Includes bibliographical references. | ||
| 590 | |b TAG Physical Holdings 2 | ||
| 600 | 1 | 0 | |a Nobel, Alfred Bernhard, |d 1833-1896. |0 http://id.loc.gov/authorities/names/n81147736 |
| 600 | 1 | 6 | |a Nobel, Alfred Bernhard, |d 1833-1896. |
| 600 | 1 | 7 | |a Nobel, Alfred Bernhard, |d 1833-1896 |2 fast |1 https://id.oclc.org/worldcat/entity/E39PBJq6X3JchJ9RBrj3mVF7pP |
| 650 | 0 | |a Nobel Prizes |x History. | |
| 650 | 0 | |a Nobel Prize winners |v Biography. |0 http://id.loc.gov/authorities/subjects/sh2010103771 | |
| 650 | 2 | |a Nobel Prize |x history. | |
| 650 | 6 | |a Prix Nobel |x Histoire. | |
| 650 | 6 | |a Prix Nobel |v Biographies. | |
| 650 | 7 | |a Histoire. |2 eclas | |
| 650 | 7 | |a Biographies. |2 eclas | |
| 650 | 7 | |a Intellectuels. |2 eclas | |
| 650 | 7 | |a Scientifiques. |2 eclas | |
| 650 | 7 | |a Récompenses. |2 eclas | |
| 650 | 7 | |a Nobel Prize winners |2 fast | |
| 650 | 7 | |a Nobel Prizes |2 fast | |
| 650 | 1 | 7 | |a Nobelprijzen. |2 gtt |
| 655 | 2 | |a Biography | |
| 655 | 4 | |a Quick Ref. Collection. | |
| 655 | 7 | |a Biographies |2 fast | |
| 655 | 7 | |a History |2 fast | |
| 655 | 7 | |a Biographies. |2 lcgft |0 http://id.loc.gov/authorities/genreForms/gf2014026049 | |
| 655 | 7 | |a Biographies. |2 rvmgf | |
| 700 | 1 | |a Levinovitz, Agneta Wallin. |0 http://id.loc.gov/authorities/names/n2001039508 | |
| 700 | 1 | |a Ringertz, Nils, |d 1932- |1 https://id.oclc.org/worldcat/entity/E39PBJrwVthBq9cqQYVdQyWJjC |0 http://id.loc.gov/authorities/names/nr98013862 | |
| 856 | 4 | 1 | |3 EBSCOhost |u http://search.ebscohost.com/login.aspx?direct=true&scope=site&db=nlebk&db=nlabk&AN=64310 |t 0 |
| 856 | 4 | 1 | |u http://search.ebscohost.com/login.aspx?direct=true&scope=site&db=nlebk&db=nlabk&AN=64310 |t 0 |
| 856 | 4 | 1 | |u http://www.netlibrary.com/urlapi.asp?action=summary&v=1&bookid=64310 |t 0 |
| 938 | |a Baker & Taylor |b BKTY |c 65.00 |d 65.00 |i 9810246641 |n 0003721043 |s active | ||
| 938 | |a Baker & Taylor |b BKTY |c 31.00 |d 31.00 |i 981024665X |n 0003721044 |s active | ||
| 938 | |a Baker and Taylor |b BTCP |n 2001039211 | ||
| 938 | |a Ingram |b INGR |n 9789810248543 | ||
| 938 | |a YBP Library Services |b YANK |n 1766791 | ||
| 938 | |a YBP Library Services |b YANK |n 1766789 | ||
| 994 | |a 92 |b TAG | ||
| 852 | |a TAG |b TAGC |c galv,stk |h AS911.N9 N586 2001 |t c.1 | ||
| 876 | |c 31.00 |p 33620001183298 |x Acc# 2009-0451 |v unmediated -- volume | ||
| 999 | f | f | |s f9e7f8b5-f6fb-4a0e-94dc-eefe37b3b847 |i 352a34ce-2978-4ca9-bafb-67a75781d46a |t 0 |
| 952 | f | f | |p normal |a Texas A&M University |b Galveston Campus |c Jack K. Williams Library |d Galveston Stacks |t 0 |e AS911.N9 N586 2001 |h Library of Congress classification |i unmediated -- volume |m 33620001183298 |
| 998 | f | f | |a AS911.N9 N586 2001 |t 0 |l Galveston Stacks |